000 00868nam a22001937a 4500
999 _c63525
_d63525
003 Ge_BSU
005 20251024202946.0
008 251024s1969 ge ||||| |||| 00| 0 geo d
041 _ageo
080 _a330.1(1-662)(075.8) ჭ-23
100 _aჭანუყვაძე, გ.
_926110
245 _aბურჟუაზიული პოლიტიკური ეკონომიის კრიტიკა:
_b ნაწ. 4, თანამედროვე ეკონომიური მოძღვრებანი /
_c გ. ჭანუყვაძე.
264 _aთბილისი,
_c1969.
300 _a332 გვ.;
_b22 სმ.
653 _aპოლიტიკური ეკონომია
653 _aეკონომიკური მოძღვრებები
700 _a
_926111
942 _2udc
_cᲬᲘᲒᲜᲘ